[Event "II Weekend A"]
[Site "Piacenza ITA"]
[Date "2006.10.21"]
[Round "2"]
[White "Salami, Marco"]
[Black "Panizzi, Giuseppe"]
[Result "1-0"]
[WhiteElo "2187"]
[BlackElo "2122"]
[PlyCount "61"]
[EventDate "2006.10.20"]

1. d4 Nf6 2. Nc3 d5 3. Bg5 Nbd7 4. Qd3 g6 5. f3 Bg7 6. e4 dxe4 7. fxe4 c6 8.
Nf3 O-O 9. e5 Nd5 10. Nxd5 cxd5 11. Qb3 Nb6 12. Bd3 Qc7 13. O-O Be6 14. Rae1
Rae8 15. Qb4 Nc4 16. b3 Na5 17. Qd2 Nc6 18. Kh1 Qd7 19. c3 Rc8 20. Bh6 a6 21.
Bxg7 Kxg7 22. Ng5 Nd8 23. Re3 h6 24. Nxe6+ Nxe6 25. Rg3 Qc6 26. Bf5 Rc7 27. h4
Rh8 28. Qd3 Nf8 29. e6 f6 30. Bxg6 Qxc3 31. Bf7+ 1-0

[Event "II Weekend A"]
[Site "Piacenza ITA"]
[Date "2006.10.21"]
[Round "2"]
[White "Scalcione, Michelangelo"]
[Black "Brigati, Alessandro"]
[Result "1-0"]
[WhiteElo "2325"]
[BlackElo "2130"]
[PlyCount "83"]
[EventDate "2006.10.20"]

1. Nf3 Nf6 2. c4 g6 3. Nc3 Bg7 4. e4 d6 5. d4 O-O 6. Be2 Nbd7 7. O-O e5 8. Be3
h6 9. dxe5 dxe5 10. Nd2 c6 11. c5 Qe7 12. b4 a5 13. a3 axb4 14. axb4 Rxa1 15.
Qxa1 Rd8 16. Nc4 Ne8 17. Rd1 Nc7 18. Nd6 Nf8 19. Na4 Ne8 20. Nxc8 Rxc8 21. Nb6
Rd8 22. Rxd8 Qxd8 23. Qa7 Qc7 24. Qa8 Nf6 25. f3 Kh7 26. Bc4 Ne6 27. Bxe6 fxe6
28. Kf1 Nd7 29. Nc4 Nb8 30. Ke2 Na6 31. Bd2 Qd7 32. Nd6 Bf6 33. Qxb7 Qxb7 34.
Nxb7 h5 35. Na5 Nb8 36. Kd3 Kg7 37. Kc4 Kf7 38. b5 cxb5+ 39. Kxb5 Ke8 40. c6
Kd8 41. Nb7+ Kc8 42. Nd6+ 1-0

[Event "II Weekend A"]
[Site "Piacenza ITA"]
[Date "2006.10.21"]
[Round "2"]
[White "Sgnaolin, Davide"]
[Black "Caposciutti, Maurizio"]
[Result "1/2-1/2"]
[WhiteElo "2144"]
[BlackElo "2333"]
[PlyCount "42"]
[EventDate "2006.10.20"]

1. e4 c5 2. c3 d5 3. exd5 Qxd5 4. d4 Nc6 5. Nf3 Bg4 6. Be2 e6 7. O-O Nf6 8. h3
Bh5 9. Be3 cxd4 10. cxd4 Bb4 11. Nc3 Bxc3 12. bxc3 O-O 13. Qa4 Rac8 14. Rab1 b6
15. Rb5 Qd7 16. Rd1 Bg6 17. Qa3 Qe7 18. Qxe7 Nxe7 19. c4 Ne4 20. Rc1 Rfd8 21.
a4 f6 1/2-1/2

[Event "II Weekend A"]
[Site "Piacenza ITA"]
[Date "2006.10.21"]
[Round "2"]
[White "Tagliagambe, Stefano"]
[Black "Stella, Andrea"]
[Result "1/2-1/2"]
[WhiteElo "2050"]
[BlackElo "2117"]
[PlyCount "96"]
[EventDate "2006.10.20"]

1. Nf3 Nf6 2. g3 b6 3. Bg2 Bb7 4. c4 e6 5. O-O Be7 6. Nc3 O-O 7. d4 Ne4 8. Qc2
Nxc3 9. Qxc3 f5 10. Rd1 Bf6 11. Qd2 Qc8 12. b3 Na6 13. Bb2 d6 14. d5 Bxb2 15.
Qxb2 e5 16. Ng5 Nc5 17. b4 h6 18. Nh3 Nd7 19. f4 e4 20. Nf2 a5 21. a3 axb4 22.
axb4 Rxa1 23. Rxa1 b5 24. cxb5 Bxd5 25. Qd4 Nf6 26. Nd1 Qb7 27. Nc3 Ra8 28. Ra6
Be6 29. Rc6 Kf8 30. Bf1 Bd7 31. Rc4 Be6 32. Rc6 Bd7 33. Rc4 Qa7 34. h3 Qxd4+
35. Rxd4 Rb8 36. e3 h5 37. Bc4 g6 38. Kf2 Kg7 39. Be2 Kf7 40. Bc4+ Ke7 41. Be2
Be6 42. Rd1 Ra8 43. Rc1 Ra7 44. b6 cxb6 45. Nb5 Rb7 46. Nd4 Bd7 47. b5 Ra7 48.
Nc6+ Bxc6 1/2-1/2

[Event "II Weekend A"]
[Site "Piacenza ITA"]
[Date "2006.10.21"]
[Round "3"]
[White "Annoni, Riccardo"]
[Black "Calza, Gabriele"]
[Result "1-0"]
[WhiteElo "2068"]
[BlackElo "2029"]
[PlyCount "103"]
[EventDate "2006.10.20"]

1. e4 c5 2. Nc3 e6 3. g3 d5 4. exd5 exd5 5. d4 Nf6 6. Bg2 Bg4 7. Nge2 cxd4 8.
Qxd4 Nc6 9. Qa4 Be7 10. O-O O-O 11. Bg5 Ne5 12. Nd4 Rc8 13. Bxf6 Bxf6 14. Qxa7
Rc4 15. Ndb5 Nf3+ 16. Kh1 Qd7 17. a4 Re8 18. Rad1 d4 19. Rd3 Qf5 20. Nd6 Qh5
21. Rxf3 Bxf3 22. Nxe8 Qh3 23. Rg1 Bxg2+ 24. Rxg2 dxc3 25. b3 Rc8 26. Nxf6+
gxf6 27. Qxb7 Qf5 28. f3 Rd8 29. Qe4 Qc5 30. h4 Rd4 31. Qe1 Qc6 32. Rf2 Qd6 33.
Kg2 Qc6 34. Qe3 Rd6 35. Re2 Qa6 36. Qe8+ Kg7 37. Qb5 Qa7 38. Qc4 Rd1 39. Qg4+
Kf8 40. Rf2 Qe3 41. Qe4 Qc1 42. Qxh7 Rg1+ 43. Kh3 Qe3 44. Rg2 Qe6+ 45. Kh2 Rf1
46. Qe4 Qd6 47. Re2 Qd1 48. Kh3 Rh1+ 49. Kg4 Qd7+ 50. Qf5 Qc7 51. Qh7 f5+ 52.
Kh5 1-0

[Event "II Weekend A"]
[Site "Piacenza ITA"]
[Date "2006.10.21"]
[Round "3"]
[White "Barberi, Alessandro"]
[Black "Raineri, Valerio"]
[Result "1-0"]
[WhiteElo "2147"]
[BlackElo "2129"]
[PlyCount "81"]
[EventDate "2006.10.20"]

1. d4 Nf6 2. Nf3 g6 3. g3 Bg7 4. Bg2 O-O 5. O-O d6 6. c4 Nbd7 7. Nc3 e5 8. e4
c6 9. h3 Qe7 10. Be3 Ne8 11. Re1 f5 12. Qd2 Qf7 13. Ng5 Qf6 14. dxe5 dxe5 15.
f4 Nd6 16. Qe2 h6 17. c5 hxg5 18. cxd6 gxf4 19. gxf4 exf4 20. Bxf4 fxe4 21. Rf1
Qd4+ 22. Kh1 Qd3 23. Qe1 Nc5 24. Rd1 Qc4 25. Nxe4 Nxe4 26. d7 Bxd7 27. Rxd7 Nc5
28. Rxg7+ Kxg7 29. b3 Nxb3 30. axb3 Qxb3 31. Qh4 Kg8 32. Rg1 Qc4 33. Qg5 Rxf4
34. Qxg6+ Kf8 35. Qd6+ Kf7 36. Qc7+ Kf8 37. Qxb7 Rd8 38. Qh7 Rd2 39. Qh6+ Kf7
40. Bxc6 Rf6 41. Qg7+ 1-0

[Event "II Weekend A"]
[Site "Piacenza ITA"]
[Date "2006.10.21"]
[Round "3"]
[White "Bonade', Massimo"]
[Black "Ficco, Corrado"]
[Result "0-1"]
[WhiteElo "2097"]
[BlackElo "2185"]
[PlyCount "66"]
[EventDate "2006.10.20"]

1. d4 g6 2. c4 Nf6 3. Nc3 d5 4. cxd5 Nxd5 5. e4 Nxc3 6. bxc3 Bg7 7. Bc4 O-O 8.
Ne2 c5 9. O-O cxd4 10. cxd4 Nc6 11. Be3 Na5 12. Bd3 b6 13. Rc1 e6 14. Qd2 Bb7
15. Bh6 Qd7 16. Bxg7 Kxg7 17. Qf4 Rac8 18. h4 Rxc1 19. Rxc1 Rc8 20. Rxc8 Bxc8
21. h5 h6 22. hxg6 fxg6 23. e5 Qf7 24. Qg4 Nc6 25. Nf4 Ne7 26. d5 exd5 27. e6
Kf8 28. Bxg6 Qf6 29. Bf7 Qxf7 30. Qh4 Qg7 31. Nxd5 Qa1+ 32. Kh2 Qe5+ 33. Nf4
Qg5 0-1

[Event "II Weekend A"]
[Site "Piacenza ITA"]
[Date "2006.10.21"]
[Round "3"]
[White "Caposciutti, Maurizio"]
[Black "Cecconi, Giovanni Alberto"]
[Result "1/2-1/2"]
[WhiteElo "2333"]
[BlackElo "2176"]
[PlyCount "39"]
[EventDate "2006.10.20"]

1. Nf3 f5 2. d3 d6 3. e4 e5 4. Nc3 Nf6 5. Be2 Be7 6. exf5 Bxf5 7. d4 e4 8. Nh4
Be6 9. g4 Nd5 10. Nf5 Bxf5 11. Nxd5 Be6 12. Nf4 Bf7 13. Be3 O-O 14. Qd2 a5 15.
a3 d5 16. Ng2 c5 17. dxc5 Nc6 18. c3 Ne5 19. O-O-O Qc7 20. Bd4 1/2-1/2

[Event "II Weekend A"]
[Site "Piacenza ITA"]
[Date "2006.10.21"]
[Round "3"]
[White "Faccia, Sergio"]
[Black "Pelagatti, Alessandro"]
[Result "0-1"]
[WhiteElo "2023"]
[BlackElo "2116"]
[PlyCount "90"]
[EventDate "2006.10.20"]

1. e4 e6 2. Nf3 d5 3. e5 c5 4. b4 b6 5. c3 Nd7 6. a3 Ne7 7. Bd3 Ng6 8. Bxg6
hxg6 9. d3 Be7 10. Bf4 Ba6 11. O-O O-O 12. h3 Re8 13. Re1 Nf8 14. d4 Qd7 15.
Nbd2 Rec8 16. Qb3 Rc7 17. Rec1 Rac8 18. Qb2 Qa4 19. Nb3 Bd3 20. Be3 cxd4 21.
Nbxd4 Nd7 22. Bf4 b5 23. Qd2 Be4 24. Qe3 Bxf3 25. Nxf3 Nb6 26. Nd2 Nc4 27. Nxc4
Rxc4 28. Qd2 Qb3 29. Rab1 Qa4 30. Be3 Qa6 31. Bd4 Bd8 32. Ra1 Bb6 33. Bxb6 Qxb6
34. a4 bxa4 35. Rxa4 d4 36. Ra3 Qc7 37. Rca1 dxc3 38. Qc2 Qxe5 39. Rxa7 Rxb4
40. R7a2 Rd8 41. Ra3 Rc4 42. Qa2 Rcd4 43. Qb3 Rd2 44. g3 Qe2 45. Qb6 c2 0-1

[Event "II Weekend A"]
[Site "Piacenza ITA"]
[Date "2006.10.21"]
[Round "3"]
[White "Fieschi, Lorenzo"]
[Black "Guidi, Maurizio"]
[Result "1-0"]
[WhiteElo "2042"]
[BlackElo "2103"]
[PlyCount "75"]
[EventDate "2006.10.20"]

1. d4 Nf6 2. Nf3 g6 3. c4 Bg7 4. Nc3 d6 5. e4 O-O 6. Be2 e5 7. Be3 Nc6 8. d5
Ne7 9. Nd2 Nd7 10. b4 f5 11. f3 f4 12. Bf2 b6 13. g4 fxg3 14. hxg3 a5 15. a3
axb4 16. axb4 Rxa1 17. Qxa1 c5 18. b5 Qc7 19. Bf1 Nf6 20. Bh3 Bxh3 21. Rxh3 Qb7
22. Rh1 Ra8 23. Qb2 Qa7 24. Be3 Nh5 25. Kf2 Qa5 26. Rb1 h6 27. Nb3 Qb4 28. Nd2
Qa3 29. Qc2 Nf6 30. Nb3 Qb4 31. Ne2 Ra4 32. Nxc5 bxc5 33. Rxb4 Rxb4 34. Qa2 Kf7
35. Bd2 Nd7 36. Bxb4 cxb4 37. Qa7 Ke8 38. Qc7 1-0

[Event "II Weekend A"]
[Site "Piacenza ITA"]
[Date "2006.10.21"]
[Round "3"]
[White "Giretti Kanev, Jasen"]
[Black "Sgnaolin, Davide"]
[Result "1-0"]
[WhiteElo "2208"]
[BlackElo "2144"]
[PlyCount "64"]
[EventDate "2006.10.20"]

1. Nf3 Nf6 2. d4 c5 3. e3 e6 4. c4 d5 5. Nc3 Nc6 6. a3 dxc4 7. Bxc4 a6 8. O-O
b5 9. Ba2 Bb7 10. d5 exd5 11. Nxd5 Nxd5 12. Bxd5 Be7 13. Ne5 Nxe5 14. Bxb7 Ra7
15. Qxd8+ Bxd8 16. Be4 Bf6 17. f4 Nc4 18. Ra2 Re7 19. Bc6+ Kd8 20. Kf2 Kc7 21.
Bf3 Rhe8 22. e4 Bd4+ 23. Kg3 f6 24. b4 Nd6 25. e5 fxe5 26. bxc5 Nf5+ 27. Kg4 g6
28. fxe5 Bxe5 29. Kh3 Nd4 30. Bd5 Ne6 31. c6 Bd6 32. Bf3 Bf4 1-0

[Event "II Weekend A"]
[Site "Piacenza ITA"]
[Date "2006.10.21"]
[Round "3"]
[White "Murgia, Andrea"]
[Black "Brigati, Alessandro"]
[Result "1-0"]
[WhiteElo "2063"]
[BlackElo "2130"]
[PlyCount "119"]
[EventDate "2006.10.20"]

1. e4 d6 2. d4 Nf6 3. Bd3 e5 4. c3 g6 5. f4 Nbd7 6. Nf3 Qe7 7. O-O Bg7 8. Na3
a6 9. fxe5 dxe5 10. Nc4 exd4 11. e5 Nd5 12. Bg5 Qc5 13. cxd4 Qa7 14. e6 fxe6
15. Nh4 Qxd4+ 16. Kh1 Nc5 17. Nxg6 Nxd3 18. Nxh8 Bxh8 19. Qh5+ Kd7 20. Na5 Bf6
21. Bxf6 Nxf6 22. Qf7+ Kd6 23. Qf8+ Kd5 24. Rxf6 Bd7 25. Qxa8 Qxf6 26. Qxb7+
Kd4 27. Nb3+ Ke3 28. Qf3+ Qxf3 29. gxf3 Bc6 30. Kg2 Bxf3+ 31. Kg3 e5 32. a4 Bd5
33. Ra3 Ke2 34. h4 e4 35. Nd4+ Kd2 36. h5 Nxb2 37. Nf5 Nd1 38. Ra1 e3 39. Rxd1+
Kxd1 40. Nxe3+ Ke2 41. Nxd5 c5 42. a5 c4 43. Kg4 Kd3 44. Nb4+ Kd4 45. Nxa6 c3
46. Nb4 Kc4 47. Nc2 Kb5 48. Kg5 Kxa5 49. Kh6 Ka4 50. Kxh7 Kb3 51. Ne3 Kb2 52.
Kg7 Kc1 53. h6 Kd2 54. Nc4+ Kc1 55. h7 c2 56. Ne3 Kd2 57. Nxc2 Kxc2 58. h8=Q
Kd3 59. Qe8 Kd4 60. Kf6 1-0

[Event "II Weekend A"]
[Site "Piacenza ITA"]
[Date "2006.10.21"]
[Round "3"]
[White "Panizzi, Giuseppe"]
[Black "Brancaleoni, Maurizio"]
[Result "0-1"]
[WhiteElo "2122"]
[BlackElo "2259"]
[PlyCount "78"]
[EventDate "2006.10.20"]

1. d4 Nf6 2. Nf3 d5 3. g3 Bf5 4. Bg2 e6 5. c4 c6 6. O-O Nbd7 7. Nc3 Be7 8. Qb3
Qb6 9. Qxb6 axb6 10. cxd5 exd5 11. Nh4 Bc2 12. Bd2 h6 13. Rfc1 Bh7 14. Bh3 g5
15. Bxd7+ Nxd7 16. Ng2 b5 17. a3 Nb6 18. Nd1 Kd7 19. Bb4 Bf6 20. e3 Rhg8 21. h3
h5 22. Ne1 Bf5 23. Kg2 Bd8 24. b3 Be4+ 25. Kg1 f6 26. Nb2 Nc8 27. Nbd3 b6 28.
Bd2 Bf5 29. Kg2 Nd6 30. f3 g4 31. hxg4 hxg4 32. Nb4 Bc7 33. Rxc6 gxf3+ 34. Nxf3
Ne4 35. Rxc7+ Kxc7 36. Be1 Kd6 37. Nd3 Rg7 38. Bb4+ Kd7 39. Nf4 Rxg3+ 0-1

[Event "II Weekend A"]
[Site "Piacenza ITA"]
[Date "2006.10.21"]
[Round "3"]
[White "Peric, Slavisa"]
[Black "Lazic, Miroljub"]
[Result "0-1"]
[WhiteElo "2297"]
[BlackElo "2465"]
[PlyCount "64"]
[EventDate "2006.10.20"]

1. d4 d6 2. g3 e5 3. dxe5 dxe5 4. Qxd8+ Kxd8 5. Bg2 c6 6. Nf3 f6 7. e4 Bc5 8.
Nc3 Be6 9. Na4 Bd6 10. Be3 Nd7 11. O-O Kc7 12. b3 b5 13. Nb2 Bc5 14. Rfe1 Bxe3
15. Rxe3 Ne7 16. h3 Rhd8 17. Rd1 Nc5 18. Rxd8 Rxd8 19. Nd3 Nxd3 20. Rxd3 Rxd3
21. cxd3 c5 22. Ne1 Nc6 23. Nc2 a5 24. f4 a4 25. fxe5 fxe5 26. bxa4 b4 27. Ne3
Bxa2 28. Nd1 Kb6 29. Nb2 Ka5 30. Bf3 b3 31. Kf2 Kb4 32. Ke3 Kc3 0-1

[Event "II Weekend A"]
[Site "Piacenza ITA"]
[Date "2006.10.21"]
[Round "3"]
[White "Rezzuti, Vincenzo"]
[Black "Garofalo, Sergio"]
[Result "1-0"]
[WhiteElo "2051"]
[BlackElo "1815"]
[PlyCount "37"]
[EventDate "2006.10.20"]

1. e4 e5 2. f4 exf4 3. Nf3 Be7 4. Bc4 d5 5. exd5 Bh4+ 6. Kf1 Bg4 7. d4 Qd6 8.
Nc3 Nd7 9. Nb5 Qb4 10. Qe2+ Kd8 11. Bxf4 Ngf6 12. c3 Bxf3 13. gxf3 Qf8 14.
Bxc7+ Kc8 15. Bd6 Qe8 16. Be5 Qe7 17. Nd6+ Kd8 18. Nxb7+ Ke8 19. d6 1-0

[Event "II Weekend A"]
[Site "Piacenza ITA"]
[Date "2006.10.21"]
[Round "3"]
[White "Salami, Marco"]
[Black "Scalcione, Michelangelo"]
[Result "1-0"]
[WhiteElo "2187"]
[BlackElo "2325"]
[PlyCount "71"]
[EventDate "2006.10.20"]

1. d4 d6 2. Nc3 e5 3. dxe5 dxe5 4. Qxd8+ Kxd8 5. e4 Nf6 6. Bc4 Be6 7. Bxe6 fxe6
8. f3 Nbd7 9. Be3 Bd6 10. Nge2 Ke7 11. O-O-O Rhb8 12. g4 a6 13. Ng3 Rf8 14.
Rdf1 Rf7 15. Rf2 Raf8 16. Rhf1 Ke8 17. h4 Bc5 18. Bxc5 Nxc5 19. Nd1 Ng8 20. Kd2
Ne7 21. h5 Nc6 22. Ke3 Rd7 23. b3 Ke7 24. Nb2 b5 25. a3 a5 26. Ne2 Rfd8 27. Nc3
Nd4 28. a4 c6 29. Ra1 b4 30. Na2 Ndxb3 31. cxb3 Nxb3 32. Rg1 Rd2 33. Rgg2 R2d4
34. Rc2 c5 35. Nc1 c4 36. Nxb3 1-0

[Event "II Weekend A"]
[Site "Piacenza ITA"]
[Date "2006.10.21"]
[Round "3"]
[White "Sorcinelli, Francesco"]
[Black "Tagliagambe, Stefano"]
[Result "1-0"]
[WhiteElo "2108"]
[BlackElo "2050"]
[PlyCount "119"]
[EventDate "2006.10.20"]

1. e4 c5 2. Nc3 Nc6 3. Nge2 e6 4. d4 cxd4 5. Nxd4 a6 6. g3 Nge7 7. Nb3 d6 8.
Bg2 Bd7 9. O-O Nc8 10. Be3 Be7 11. f4 O-O 12. a4 Rb8 13. a5 Qc7 14. Kh1 Nb4 15.
f5 e5 16. f6 Bxf6 17. Rxf6 gxf6 18. Bh6 Ne7 19. Qh5 Ng6 20. Qf3 Qd8 21. h4 Qe7
22. h5 Rfc8 23. hxg6 fxg6 24. Rf1 f5 25. exf5 Bxf5 26. Nd5 Nxd5 27. Qxd5+ Be6
28. Qd2 Rc7 29. Bg5 Qd7 30. Rd1 Bg4 31. Bd5+ Be6 32. c3 Rf8 33. Kg2 Rf5 34. Be3
Bxd5+ 35. Qxd5+ Qf7 36. Qxf7+ Rfxf7 37. Rxd6 h5 38. Rxg6+ Rg7 39. Rh6 Rh7 40.
Rxh7 Rxh7 41. Kf3 Kf7 42. Ke4 Kf6 43. Kd5 Rd7+ 44. Ke4 Rg7 45. Kf3 Kf5 46. Nc5
Rf7 47. b4 Rg7 48. Ne4 Ke6 49. c4 Rg4 50. Nc5+ Kd6 51. Nxb7+ Kc7 52. Nc5 Rxc4
53. Nxa6+ Kb7 54. b5 h4 55. gxh4 Rxh4 56. Nc5+ Ka8 57. b6 Rb4 58. Na6 Ra4 59.
Nc7+ Kb8 60. a6 1-0

[Event "II Weekend A"]
[Site "Piacenza ITA"]
[Date "2006.10.21"]
[Round "3"]
[White "Stella, Andrea"]
[Black "Castrogiovanni, Carlo"]
[Result "1/2-1/2"]
[WhiteElo "2117"]
[BlackElo "2082"]
[PlyCount "44"]
[EventDate "2006.10.20"]

1. d4 Nf6 2. c4 c5 3. d5 b5 4. f3 d6 5. cxb5 a6 6. e4 g6 7. bxa6 Bxa6 8. Bxa6
Rxa6 9. Ne2 Bg7 10. Nbc3 Nbd7 11. O-O O-O 12. b3 Qa8 13. Bb2 Rb8 14. Rb1 Ne8
15. Qd2 Nc7 16. Nc1 Ne5 17. Nd3 Qb7 18. Nxe5 Bxe5 19. Qd3 Qb4 20. Kh1 Qb7 21.
Ba1 Nb5 22. Nxb5 Bxa1 1/2-1/2

[Event "II Weekend A"]
[Site "Piacenza ITA"]
[Date "2006.10.22"]
[Round "4"]
[White "Brancaleoni, Maurizio"]
[Black "Barberi, Alessandro"]
[Result "1-0"]
[WhiteElo "2259"]
[BlackElo "2147"]
[PlyCount "47"]
[EventDate "2006.10.20"]

1. d4 g6 2. c4 Bg7 3. e4 d6 4. Nc3 e5 5. Nge2 exd4 6. Nxd4 Nc6 7. Be3 Nge7 8.
h4 h6 9. Be2 f5 10. exf5 Nxf5 11. Nxf5 Bxf5 12. g4 Be6 13. Qc2 Bf7 14. O-O-O
O-O 15. Qd2 Kh7 16. Bd3 Ne5 17. h5 Qf6 18. g5 Nxd3+ 19. Qxd3 Qe6 20. Rdg1 Rg8
21. Nd5 Raf8 22. Nf4 Qe5 23. hxg6+ Kh8 24. Rxh6+ 1-0

[Event "II Weekend A"]
[Site "Piacenza ITA"]
[Date "2006.10.22"]
[Round "4"]
[White "Brigati, Alessandro"]
[Black "Stella, Andrea"]
[Result "1/2-1/2"]
[WhiteElo "2130"]
[BlackElo "2117"]
[PlyCount "26"]
[EventDate "2006.10.20"]

1. d4 Nf6 2. c4 e6 3. Nc3 Bb4 4. Qc2 O-O 5. a3 Bxc3+ 6. Qxc3 b6 7. f3 d5 8. e3
Ba6 9. Bd3 Nbd7 10. Ne2 c5 11. cxd5 Nxd5 12. Qd2 Bxd3 13. Qxd3 cxd4 1/2-1/2

[Event "II Weekend A"]
[Site "Piacenza ITA"]
[Date "2006.10.22"]
[Round "4"]
[White "Calza, Gabriele"]
[Black "Tagliagambe, Stefano"]
[Result "1/2-1/2"]
[WhiteElo "2029"]
[BlackElo "2050"]
[PlyCount "66"]
[EventDate "2006.10.20"]

1. c4 Nf6 2. g3 c5 3. Bg2 e6 4. e4 d6 5. Nc3 Be7 6. Nge2 O-O 7. d4 cxd4 8. Nxd4
a6 9. O-O Qc7 10. Qd3 Nc6 11. b3 Bd7 12. Bb2 Rac8 13. Rac1 Rfd8 14. Rfd1 Qb8
15. Ba3 Ne5 16. Qe2 Be8 17. f4 Ng6 18. f5 exf5 19. Nxf5 Bf8 20. h3 b5 21. cxb5
axb5 22. Bb2 Bc6 23. Nd4 Ba8 24. Qxb5 Qa7 25. Kh2 Ne5 26. Qe2 h5 27. Nf5 Nfg4+
28. hxg4 Nxg4+ 29. Kh1 Nf2+ 30. Kg1 Nxd1+ 31. Kf1 Nxb2 32. Qxb2 g6 33. Nh4 Qe3
1/2-1/2

[Event "II Weekend A"]
[Site "Piacenza ITA"]
[Date "2006.10.22"]
[Round "4"]
[White "Castrogiovanni, Carlo"]
[Black "Panizzi, Giuseppe"]
[Result "1/2-1/2"]
[WhiteElo "2082"]
[BlackElo "2122"]
[PlyCount "68"]
[EventDate "2006.10.20"]

1. Nf3 Nf6 2. g3 g6 3. Bg2 Bg7 4. c4 d6 5. d4 O-O 6. Nc3 Nbd7 7. d5 a5 8. O-O
Nb6 9. Nd2 a4 10. Qc2 Nfd7 11. Rb1 Ne5 12. b3 axb3 13. axb3 Bf5 14. e4 Bd7 15.
h3 f5 16. f4 Nf7 17. Bb2 Qc8 18. Kh2 Nh6 19. Ra1 Rxa1 20. Rxa1 fxe4 21. Ncxe4
Bxb2 22. Qxb2 Nf5 23. Re1 c5 24. Nf3 Qd8 25. Neg5 Nc8 26. Ne6 Bxe6 27. dxe6 Na7
28. b4 cxb4 29. Qxb4 Qc7 30. Ng5 Nc6 31. Qb2 Na5 32. Nf7 Ng7 33. Nh6+ Kh8 34.
Nf7+ Kg8 1/2-1/2

[Event "II Weekend A"]
[Site "Piacenza ITA"]
[Date "2006.10.22"]
[Round "4"]
[White "Cecconi, Giovanni Alberto"]
[Black "Peric, Slavisa"]
[Result "1-0"]
[WhiteElo "2176"]
[BlackElo "2297"]
[PlyCount "111"]
[EventDate "2006.10.20"]

1. d4 d5 2. Bg5 h6 3. Bh4 c6 4. e3 Qb6 5. b3 Bf5 6. Bd3 Bxd3 7. Qxd3 Nd7 8. Nf3
e6 9. O-O Ngf6 10. Nbd2 Be7 11. c4 O-O 12. Ne5 Qd8 13. Nxd7 Nxd7 14. Bxe7 Qxe7
15. Rfe1 Rfd8 16. e4 dxe4 17. Qxe4 a5 18. Qe3 Nf6 19. Nf3 a4 20. Qc3 Qd6 21. b4
b5 22. a3 Rac8 23. h3 Nd7 24. Rac1 Qb8 25. Ne5 bxc4 26. Qxc4 Qd6 27. Nxc6 Re8
28. Qb5 Nb8 29. Nxb8 Rxb8 30. Qe5 Red8 31. Qxd6 Rxd6 32. Re5 Ra8 33. Rc4 Kf8
34. Kf1 Ke7 35. Ke2 f6 36. Rec5 Rad8 37. Rc7+ Kf8 38. Ra7 R8d7 39. Rxd7 Rxd7
40. Ke3 Ke7 41. Rc6 e5 42. dxe5 fxe5 43. Ra6 Rd1 44. Rxa4 Ke6 45. b5 Kd5 46. b6
Kc6 47. Rb4 Kb7 48. a4 Re1+ 49. Kd3 Ra1 50. Kc4 Ra2 51. Kb5 Rxf2 52. a5 Ra2 53.
h4 g5 54. g3 gxh4 55. gxh4 h5 56. Ra4 1-0

[Event "II Weekend A"]
[Site "Piacenza ITA"]
[Date "2006.10.22"]
[Round "4"]
[White "Ficco, Corrado"]
[Black "Caposciutti, Maurizio"]
[Result "0-1"]
[WhiteElo "2185"]
[BlackElo "2333"]
[PlyCount "56"]
[EventDate "2006.10.20"]

1. d4 Nf6 2. Nf3 c5 3. e3 e6 4. c4 a6 5. Nc3 d5 6. cxd5 exd5 7. dxc5 Bxc5 8.
Be2 O-O 9. O-O Nc6 10. Nd4 Re8 11. a3 Qd6 12. b4 Ba7 13. Nxc6 bxc6 14. Bf3 h5
15. Bb2 Ng4 16. g3 Rxe3 17. fxe3 Nxe3 18. Qe2 Nxf1+ 19. Kxf1 Bh3+ 20. Ke1 Bd7
21. Kd2 Re8 22. Qg2 Be3+ 23. Kc2 Qg6+ 24. Kb3 d4 25. Ne4 Qe6+ 26. Kc2 Qc4+ 27.
Kd1 Qd3+ 28. Nd2 Bxd2 0-1

[Event "II Weekend A"]
[Site "Piacenza ITA"]
[Date "2006.10.22"]
[Round "4"]
[White "Fieschi, Lorenzo"]
[Black "Sorcinelli, Francesco"]
[Result "1-0"]
[WhiteElo "2042"]
[BlackElo "2108"]
[PlyCount "86"]
[EventDate "2006.10.20"]

1. d4 Nf6 2. Nf3 c5 3. d5 e6 4. c4 exd5 5. cxd5 d6 6. Nc3 g6 7. e4 Bg7 8. Be2
O-O 9. O-O Re8 10. Nd2 Na6 11. f4 Nc7 12. a4 a6 13. Bf3 Rb8 14. a5 Bd7 15. Re1
Bb5 16. Nf1 Nd7 17. Ng3 c4 18. Be3 h5 19. Qd2 h4 20. Nh1 f5 21. Nf2 Qf6 22.
Rad1 Qf7 23. exf5 gxf5 24. Nh3 Qf6 25. Bh5 Re7 26. Qf2 Qh6 27. Bf3 Rbe8 28. Ng5
Nf6 29. Bb6 Ng4 30. Bxg4 fxg4 31. Bxc7 Bxc3 32. bxc3 Rxc7 33. Re6 Rxe6 34. dxe6
Qf6 35. Qxh4 Qxf4 36. Rf1 Qe3+ 37. Kh1 Be8 38. Qxg4 Rg7 39. h4 Bg6 40. Qf4 Qxf4
41. Rxf4 Rc7 42. Ne4 Bxe4 43. Rxe4 Re7 1-0

[Event "II Weekend A"]
[Site "Piacenza ITA"]
[Date "2006.10.22"]
[Round "4"]
[White "Garofalo, Sergio"]
[Black "Faccia, Sergio"]
[Result "0-1"]
[WhiteElo "1815"]
[BlackElo "2023"]
[PlyCount "77"]
[EventDate "2006.10.20"]

1. d4 Nf6 2. Nf3 g6 3. g3 Bg7 4. Bg2 d5 5. O-O Bf5 6. Re1 c6 7. c4 O-O 8. Nh4
Bxb1 9. Rxb1 dxc4 10. e4 Nbd7 11. f4 e6 12. Be3 Qa5 13. b3 c3 14. Qc2 Ng4 15.
e5 Nxe3 16. Rxe3 Rfd8 17. b4 Qb6 18. Qxc3 Nb8 19. Nf3 Na6 20. a4 Nc7 21. Qc5
Nd5 22. Rd3 Bf8 23. Qxb6 axb6 24. b5 c5 25. Ra1 cxd4 26. Ng5 Bc5 27. Bxd5 Rxd5
28. Ne4 Kg7 29. Kf2 Rdd8 30. a5 Ra7 31. Rc1 Rxa5 32. Nxc5 bxc5 33. Rxc5 b6 34.
Rc6 Rxb5 35. Kf3 Kf8 36. Ke4 Rb4 37. Rd6 Ke7 38. Rxd8 Kxd8 39. g4 {...} 0-1

[Event "II Weekend A"]
[Site "Piacenza ITA"]
[Date "2006.10.22"]
[Round "4"]
[White "Guidi, Maurizio"]
[Black "Rezzuti, Vincenzo"]
[Result "1-0"]
[WhiteElo "2103"]
[BlackElo "2051"]
[PlyCount "53"]
[EventDate "2006.10.20"]

1. e4 e5 2. d4 exd4 3. Qxd4 Nc6 4. Qe3 Bb4+ 5. Bd2 Bxd2+ 6. Nxd2 Qe7 7. O-O-O
d6 8. f4 Bg4 9. Ngf3 O-O-O 10. Bb5 Nb8 11. Qxa7 Nf6 12. Rhe1 c6 13. Bd3 Qc7 14.
Nc4 Nfd7 15. e5 dxe5 16. fxe5 Rdf8 17. Nd6+ Kd8 18. Nxb7+ Ke7 19. Qa3+ c5 20.
Be4 Rc8 21. Nd6 Rcd8 22. h3 Be6 23. Nb7 Rc8 24. Rd6 h6 25. Nd4 Nb6 26. Nb5 Nc4
27. Qc3 1-0

[Event "II Weekend A"]
[Site "Piacenza ITA"]
[Date "2006.10.22"]
[Round "4"]
[White "Lazic, Miroljub"]
[Black "Salami, Marco"]
[Result "1-0"]
[WhiteElo "2465"]
[BlackElo "2187"]
[PlyCount "59"]
[EventDate "2006.10.20"]

1. Nf3 f5 2. g3 Nf6 3. c4 d6 4. d4 g6 5. b4 Bg7 6. Bb2 O-O 7. Bg2 c6 8. O-O Kh8
9. Nbd2 Bd7 10. a4 Na6 11. b5 Nc7 12. Re1 Qe8 13. Qc2 h6 14. e4 fxe4 15. Nxe4
Qf7 16. Nh4 Ng4 17. f3 g5 18. Nxg5 hxg5 19. Ng6+ Kg8 20. Nxe7+ Kh8 21. fxg4
Rfe8 22. Nf5 Bf6 23. Nxd6 Rxe1+ 24. Rxe1 Qg7 25. Qd2 c5 26. Ne4 Bxd4+ 27. Bxd4
cxd4 28. Qxg5 Qxg5 29. Nxg5 Bxg4 30. Re4 1-0

[Event "II Weekend A"]
[Site "Piacenza ITA"]
[Date "2006.10.22"]
[Round "4"]
[White "Pelagatti, Alessandro"]
[Black "Annoni, Riccardo"]
[Result "1-0"]
[WhiteElo "2116"]
[BlackElo "2068"]
[PlyCount "25"]
[EventDate "2006.10.20"]

1. d4 d5 2. Nf3 Nc6 3. Bf4 Bg4 4. e3 e6 5. c4 Nf6 6. Nc3 Bb4 7. Rc1 O-O 8. a3
Bxc3+ 9. Rxc3 Qe7 10. Be2 Rfd8 11. Ne5 Nxe5 12. dxe5 Bxe2 13. exf6 1-0

[Event "II Weekend A"]
[Site "Piacenza ITA"]
[Date "2006.10.22"]
[Round "4"]
[White "Raineri, Valerio"]
[Black "Bonade', Massimo"]
[Result "0-1"]
[WhiteElo "2129"]
[BlackElo "2097"]
[PlyCount "100"]
[EventDate "2006.10.20"]

1. e4 c5 2. Nf3 d6 3. d4 cxd4 4. Nxd4 Nf6 5. Nc3 a6 6. Be3 e5 7. Nb3 Be6 8. f3
Nbd7 9. Qd2 Be7 10. O-O-O O-O 11. Nd5 Bxd5 12. exd5 Nb6 13. Bxb6 Qxb6 14. Kb1
a5 15. c4 a4 16. Na1 Nd7 17. Nc2 Nc5 18. Qb4 Qc7 19. Na3 f5 20. Nb5 Qb6 21. Qa3
Bf6 22. Be2 Rae8 23. Rhe1 Rf7 24. Bf1 Rfe7 25. g3 e4 26. f4 e3 27. Be2 g6 28.
Rc1 Bg7 29. b4 axb3 30. axb3 Ne4 31. Kc2 Rd7 32. b4 Rdd8 33. Qa7 Qxa7 34. Nxa7
Ra8 35. Ra1 Bd4 36. c5 Bxa1 37. Rxa1 dxc5 38. b5 Nd6 39. b6 Re4 40. Rd1 Rb4 41.
Rb1 Rxb1 42. Kxb1 Nc8 43. Nb5 Nxb6 44. Nc7 Ra4 45. Ne6 Nxd5 46. Nxc5 Nc3+ 47.
Kc2 Ra2+ 48. Kxc3 Rxe2 49. Kd3 Rxh2 50. Kxe3 b5 0-1